Rusia, Europa Oriental y del Norte (Record no. 186473)
[ view plain ]
| 000 -LEADER | |
|---|---|
| campo de control de longitud fija | 00826nam a2200205 i 4500 |
| 001 - NÚMERO DE CONTROL | |
| campo de control | 186473 |
| 003 - IDENTIFICADOR DE NÚMERO DE CONTROL | |
| campo de control | ES-MaACL |
| 005 - FECHA Y HORA DE LA ÚLTIMA TRANSACCIÓN | |
| campo de control | 20250801094008.0 |
| 008 - DATOS DE LONGITUD FIJA--INFORMACIÓN GENERAL | |
| campo de control de longitud fija | 161116s1969 sp |||| | spa d |
| 100 1# - ENTRADA PRINCIPAL--NOMBRE DE PERSONA | |
| Nombre de persona | Thoorens, Léon. |
| 9 (RLIN) | 110130 |
| 245 10 - MENCIÓN DEL TÍTULO | |
| Título | Rusia, Europa Oriental y del Norte |
| Resto del título | : las literaturas eslavas, balcánicas y escandinavas, Flandes y Países Bajos / |
| Mención de responsabilidad, etc. | Léon Thoorens ; [traducido del francés por L. Rodríguez]. |
| 260 ## - PUBLICACIÓN, DISTRIBUCIÓN, ETC. | |
| Lugar de publicación, distribución, etc. | Madrid : |
| Nombre del editor, distribuidor, etc. | Daimon, |
| Fecha de publicación, distribución, etc. | D.L. 1969. |
| 300 ## - DESCRIPCIÓN FÍSICA | |
| Extensión | 450 p., 14 h. con lám. neg. y col. ; |
| Dimensiones | 19 cm. |
| 490 1# - MENCIÓN DE SERIE | |
| Mención de serie | Panorama de las literaturas Daimon ; |
| Designación de volumen o secuencia | 7 |
| 650 04 - PUNTO DE ACCESO ADICIONAL DE MATERIA--TÉRMINO DE MATERIA | |
| Término de materia o nombre geográfico como elemento de entrada | Literatura europea- |
| Subdivisión general | Historia y crítica |
| 9 (RLIN) | 14577 |
| 700 0# - ENTRADA AGREGADA--NOMBRE PERSONAL | |
| Nombre de persona | Rodríguez, L. |
| 9 (RLIN) | 98270 |
| 830 0# - PUNTO DE ACCESO ADICIONAL DE SERIE-TÍTULO UNIFORME | |
| Título uniforme | Panorama de las literaturas Daimon ; |
| Designación de volumen o secuencia | 7 |
| 9 (RLIN) | 192564 |
| 852 ## - LOCALIZACIÓN | |
| Ubicación | ES-MaACL |
| Número de control de estantería | D-2315 |
| Estatus retirado | Estado de pérdida | Estado de daño | No para préstamo | Biblioteca de origen | Biblioteca actual | Ubicación en estantería | Fecha de adquisición | Fuente de adquisición | Total de préstamos | Signatura topográfica completa | Código de barras | Visto por última vez | Precio de reemplazo | Tipo de ítem Koha |
|---|---|---|---|---|---|---|---|---|---|---|---|---|---|---|
| Biblioteca del Ateneo de Madrid | Biblioteca del Ateneo de Madrid | Sala Valle Inclán | 16/11/2016 | D-2315 | 901196638 | 23/02/2023 | 23/02/2023 | Libro impreso |
